LEADER 01751nam 2200373Ia 450 001 996397422703316 005 20200818211115.0 035 $a(CKB)4940000000055341 035 $a(EEBO)2240926750 035 $a(OCoLC)ocm11217292e 035 $a(OCoLC)11217292 035 $a(EXLCZ)994940000000055341 100 $a19841001d1674 uy | 101 0 $aeng 135 $aurbn||||a|bb| 200 10$aDeath triumphant, or, The most renowned, mighty, puissant and irresistible champion and conqueror general of the whole world, Death, described$b[electronic resource] $ewith a descripton [sic] of his notable fights and triumphant victories obtained against all creatures, especially against the sons and daughters of men : also his particular stratagems and numberous regiment of scknesses [sic] and diseases whereby he conquers and subdues mankind : lively set forth to the view of all men for their better preparation for the day of their death and dissolution out of this sinful life /$fby Andrew Jones 205 $aThe fifth edition. 210 $aLondon $cPrinted for Will. Thackeray ...$d1674 215 $a[21] p. $cill 300 $aIllustrated frontispiece. 300 $aReproduction of the original in the Harvard University Library. 330 $aeebo-0062 606 $aDeath 606 $aChristian life$xAnglican authors 615 0$aDeath. 615 0$aChristian life$xAnglican authors. 700 $aJones$b Andrew$0569681 801 0$bEAE 801 1$bEAE 801 2$bWaOLN 906 $aBOOK 912 $a996397422703316 996 $aDeath triumphant, or, The most renowned, mighty, puissant and irresistible champion and conqueror general of the whole world, Death, described$91889157 997 $aUNISA LEADER 01542nam 2200529 450 001 9910495186503321 005 20230426124156.0 010 $a3-030-66865-7 035 $a(CKB)4100000011990401 035 $a(MiAaPQ)EBC6684384 035 $a(PPN)269150064 035 $a(EXLCZ)994100000011990401 100 $a20220412d2021 uy 0 101 0 $aeng 135 $aurcnu|||||||| 181 $ctxt$2rdacontent 182 $cc$2rdamedia 183 $acr$2rdacarrier 200 00$aRhinology and anterior skull base surgery $ea case-based approach /$fedited by Marios Stavrakas and Hisham S. Khalil 210 1$aCham, Switzerland :$cSpringer,$d[2021] 210 4$dŠ2021 215 $a1 online resource (382 pages) $cillustrations 300 $aIncludes index. 311 $a3-030-66864-9 606 $aNose$xDiseases 606 $aSkull base$xSurgery 606 $aNose$xSurgery 606 $aCirurgia cranial$2thub 606 $aRinoplāstia$2thub 606 $aMalalties del nas$2thub 608 $aLlibres electrōnics$2thub 615 0$aNose$xDiseases. 615 0$aSkull base$xSurgery. 615 0$aNose$xSurgery. 615 7$aCirurgia cranial 615 7$aRinoplāstia 615 7$aMalalties del nas 676 $a616.21 702 $aHisham S. Khalil 702 $aStavrakas$b Marios 801 0$bMiAaPQ 801 1$bMiAaPQ 801 2$bMiAaPQ 906 $aBOOK 912 $a9910495186503321 996 $aRhinology and Anterior Skull Base Surgery$92585388 997 $aUNINA